| 000 | 01341pam a2200301 a 4500 | ||
|---|---|---|---|
| 999 |
_c332419 _d332419 |
||
| 001 | 2489341 | ||
| 003 | NUST | ||
| 005 | 20171204132837.0 | ||
| 008 | 911224s1992 nyua b 101 0 eng | ||
| 010 | _a 91047171 | ||
| 020 |
_a0442007485 : _c$59.95 |
||
| 040 |
_aDLC _cDLC _dDLC |
||
| 050 | 0 | 0 |
_aQH545.A3 _bA38 1992 |
| 082 | 0 | 0 |
_a628.53 BAR _220 |
| 245 | 0 | 0 |
_aAir pollution effects on biodiversity / _cEdited by Jerry R. Barker and David T. Tingey. |
| 260 |
_aNew Delhi _bCBS , _c[1992] |
||
| 300 |
_axii, 322 p. : _bill. ; _c25 cm. |
||
| 500 | _a"This book is based on a workshop that evaluated the effects of air pollution on biodiversity ... "--T.p. verso. | ||
| 501 | _aH.B | ||
| 504 | _aIncludes bibliographical references and index. | ||
| 650 | 0 |
_aAir _xPollution _vCongresses. _9861 |
|
| 650 | 0 |
_aBiodiversity conservation _vCongresses. _96930 |
|
| 700 | 1 |
_aBarker, Jerry R. _96931 |
|
| 700 | 1 |
_aTingey, David T. _96932 |
|
| 856 | 4 | 2 |
_3Publisher description _uhttp://www.loc.gov/catdir/enhancements/fy1006/91047171-d.html |
| 856 | 4 | 1 |
_3Table of contents only _uhttp://www.loc.gov/catdir/enhancements/fy1006/91047171-t.html |
| 906 |
_a7 _bcbc _corignew _d1 _eocip _f19 _gy-gencatlg |
||
| 942 |
_2ddc _cBK _kIESE |
||